000 00659nam a22002057a 4500
999 _c20124
_d20124
003 AR-CdUCM
008 190527b ||||| |||| 00| 0 spa d
040 _aMUNICIPALIDAD PROVINCIAL DEL CUSCO
_cBIBLIOTECA MUNICIPAL DEL CUSCO
082 _a800.81 /
_bU52
100 _aUndset, Sigrid
_942089
245 _aObras escogidas /
260 _aMadrid :
_bAguilar,
_c1958.
300 _a1349 páginas ;
_c17 cm.
440 _aPremio nobel
_942090
505 _aContenido: Sigrid Undset -- Su obra -- El principio relogioso -- El principio humano...
650 _aLiteratura
_983
650 _aBiografía
_922
942 _2ddc
_cLIBROS
945 _adavv
_d2019-05-27